| 000 | 00476nam a22001817a 4500 | ||
|---|---|---|---|
| 999 |
_c3309 _d3309 |
||
| 008 | 200409b ||||| |||| 00| 0 eng d | ||
| 020 |
_a81-7409-195-5 _cRs. 260.00 |
||
| 041 | 0 | _aeng | |
| 082 | 0 | 0 |
_a510.2462 _bG841 |
| 100 |
_91611 _aGrewal, B. S. |
||
| 245 | 1 | 0 |
_aHigher Engineering Mathematics / _cby B. S Grewal |
| 250 | _a38th ed. | ||
| 260 |
_aDelhi : _bKhanna Publications, _c2004. |
||
| 300 | _a1232 p. | ||
| 365 | _bINR 260.00 | ||
| 650 | 0 | _aMathematics | |
| 942 | _cBK | ||